Animales en extinción (Registro nro. 7113)

Detalles MARC
000 -CABECERA
Longitud fija campo de control 01464nam a2200325 i 4500
005 - • FECHA Y HORA DE LA ÚLTIMA TRANSACCIÓN
Fecha y hora de la última transacción 20220317001501.0
007 - • CAMPO FIJO DE DESCRIPCIÓN FÍSICA
Campo fijo de descripción física ta
008 - • CÓDIGOS DE INFORMACIÓN DE LONGITUD FIJA
Códigos de información de longitud fija 210806s20142016sp ao br 000 0 spa d
020 ## - • NÚMERO INTERNACIONAL NORMALIZADO PARA LIBROS
Número Internacional Normalizado para Libros (ISBN) 9788467709155
040 ## - FUENTE DE LA CATALOGACIÓN
Centro catalogador de origen CO-BoRNBP
Lengua de catalogación spa
Normas de descripción rda
Centro transcriptor CO-BoRNBP
082 04 - • NÚMERO DE LA CLASIFICACIÓN DECIMAL DEWEY
Número de clasificación (R) 591.68
Número del ítem P17a
Número de edición 22
100 1# - • PUNTO DE ACCESO PRINCIPAL-NOMBRE DE PERSONA
Nombre de persona Parker, Steve
Término indicativo de función autor
245 10 - • TITULO PROPIAMENTE DICHO
Título Animales en extinción
Mención de responsabilidad, etc. Steve Parker ; traducción Rosa María Herrera
250 ## - • MENCIÓN DE EDICIÓN
Mención de edición Primera edición
264 #1 - PRODUCCIÓN, PUBLICACIÓN , DISTRIBUCIÓN, FABRICACIÓN Y COPYRIGHT
Lugar de producción, publicación, distribución, fabricación Madrid
Nombre del productor, editor, distribuidor, fabricante Susaeta
Fecha de de producción, publicación, distribución, fabricación o copyright [2014]
-- [2016]
300 ## - • DESCRIPCIÓN FÍSICA
Extensión 32 páginas
Otras características físicas ilustraciones y fotografías a color
Dimensiones 27 cm
336 ## - TIPO DE CONTENIDO
Término de tipo de contenido texto
Código de tipo de contenido txt
Fuente rdacontent
337 ## - TIPO DE MEDIO
Nombre del tipo de medio sin mediación
Código del tipo de medio n
Fuente rdamedia
338 ## - TIPO DE SOPORTE
Nombre del tipo de soporte volumen
Código del tipo de soporte nc
Fuente rdacarrier
490 ## - • MENCIÓN DE SERIE
Mención de serie S.O.S Planeta tierra
500 ## - • NOTA GENERAL
Nota general La fecha es tomada de la página del ISBN Español: http://www.mcu.es/webISBN/tituloDetalle.do?sidTitul=1832850
505 ## - • NOTA DE CONTENIDO CON FORMATO
Nota de contenido con formato Vida salvaje -- Superpoblación -- Distintos hábitats -- Un gran problema -- S.O.S. vida salvaje -- El alimento -- Contaminación -- ¡Atención! ¡Plagas! -- Animales famosos -- Turistas y mascotas -- En cautividad -- Grandes proyectos -- ¡Ayúdanos!
521 ## - • NOTA DE PÚBLICO DESTINATARIO
Nota público destinatario (R ) Recomendado para un público infantil mayor de 9 años
534 ## - • Nota De Versión Original
Título Changes in animals habitats
650 17 - • PUNTO DE ACCESO ADICIONAL DE MATERIA - TÉRMINO DE MATERIA
Término de materia o nombre geográfico como elemento inicial Animales en vías de extinción
Fuente del encabezamiento o término ARMARC
650 17 - • PUNTO DE ACCESO ADICIONAL DE MATERIA - TÉRMINO DE MATERIA
Término de materia o nombre geográfico como elemento inicial Protección de la vida salvaje
Fuente del encabezamiento o término ARMARC
650 17 - • PUNTO DE ACCESO ADICIONAL DE MATERIA - TÉRMINO DE MATERIA
Término de materia o nombre geográfico como elemento inicial Especies en vía de extinción
Fuente del encabezamiento o término ARMARC
700 1# - • PUNTO DE ACCESO ADICIONAL - NOMBRE DE PERSONA
Nombre de persona Herrera Merino, Rosa María
Término indicativo de función traductora
942 ## - ENTRADA DE ELEMENTOS AGREGADOS (KOHA)
Fuente de clasificaión o esquema Dewey Decimal Classification
Koha [por defecto] tipo de item LIbro

No hay ítems disponibles.










Instituto Departamental de Cultura del Meta - Red Departamental de Bibliotecas Públicas del Meta.